[Event "Plzen, FSB A"]
[Site "?"]
[Date "2001.??.??"]
[Round "3.16"]
[White "Seeger, W."]
[Black "Folk, P."]
[Result "1/2-1/2"]
[WhiteElo "2150"]
[BlackElo "2289"]
[PlyCount "83"]
[EventDate "2000.??.??"]
[Source "ChessBase"]
[SourceDate "1996.11.15"]

1. d4 Nf6 2. Nf3 g6 3. Bf4 Bg7 4. h3 d6 5. e3 O-O 6. Be2 c5 7. c3 Nbd7 8. Bh2
b6 9. O-O Bb7 10. Nbd2 Re8 11. a4 a6 12. Qb3 Bd5 13. Bc4 Bxc4 14. Qxc4 d5 15.
Qb3 e6 16. Ne5 Nxe5 17. Bxe5 Nd7 18. Bxg7 Kxg7 19. Nf3 Qc7 20. Rfe1 c4 21. Qc2
f5 22. Nd2 e5 23. b4 Rf8 24. f3 Rae8 25. b5 a5 26. Nf1 f4 27. Qd2 e4 28. exf4
exf3 29. Rxe8 Rxe8 30. gxf3 Nf6 31. Re1 Rxe1 32. Qxe1 Qxf4 33. Qe3 Qxe3+ 34.
Nxe3 Kf7 35. Kf2 Ke6 36. Kg3 g5 37. h4 gxh4+ 38. Kxh4 Ne8 39. Kg5 Nd6 40. Kg4
Ne8 41. Kg5 Nd6 42. Kg4 1/2-1/2

[Event "Plzen, FSB A"]
[Site "?"]
[Date "2001.??.??"]
[Round "3.18"]
[White "Novak, P."]
[Black "Kalista, K."]
[Result "1-0"]
[WhiteElo "2237"]
[BlackElo "1890"]
[PlyCount "105"]
[EventDate "2000.??.??"]
[Source "ChessBase"]
[SourceDate "1996.11.15"]

1. e4 e6 2. d4 d5 3. Nd2 Nf6 4. e5 Nfd7 5. Bd3 c5 6. c3 Nc6 7. Ngf3 Qb6 8. O-O
cxd4 9. cxd4 Nxd4 10. Nxd4 Qxd4 11. Nf3 Qb6 12. Qe2 Be7 13. Bg5 Qd8 14. h4 Nc5
15. Bb5+ Bd7 16. Bxe7 Qxe7 17. Rac1 Rd8 18. Bxd7+ Rxd7 19. Qb5 b6 20. b4 Nb7
21. Rc8+ Nd8 22. Rc7 a6 23. Rxd7 axb5 24. Rxe7+ Kxe7 25. Rc1 Kd7 26. Nd4 f6 27.
f4 fxe5 28. fxe5 Nf7 29. Rc6 Nxe5 30. Rxb6 Re8 31. Rb7+ Kd6 32. Rxg7 Nd3 33.
Nxb5+ Ke5 34. a3 Kf4 35. Nc7 Rc8 36. Nxe6+ Ke5 37. Ng5 Ra8 38. Nf3+ Kf4 39.
Rxh7 Rxa3 40. Rf7+ Kg3 41. Rg7+ Kf4 42. b5 Ra1+ 43. Kh2 Nf2 44. Rf7+ Ke3 45.
Ng5 Rb1 46. Re7+ Kf4 47. g3+ Kg4 48. Re2 Nd1 49. Nf7 Rxb5 50. Ne5+ Kh5 51. Kh3
Rb3 52. Ng4 Nc3 53. Re6 1-0

[Event "Plzen, FSB A"]
[Site "?"]
[Date "2001.??.??"]
[Round "3.20"]
[White "Reitinger, P."]
[Black "Neuman, P."]
[Result "0-1"]
[WhiteElo "2119"]
[BlackElo "2438"]
[PlyCount "62"]
[EventDate "2000.??.??"]
[Source "ChessBase"]
[SourceDate "1996.11.15"]

1. e4 c5 2. Nf3 e6 3. d4 cxd4 4. Nxd4 Nf6 5. Nc3 d6 6. Be2 Be7 7. Be3 O-O 8.
O-O Nc6 9. f4 Qc7 10. Qe1 Nxd4 11. Bxd4 e5 12. Be3 exf4 13. Rxf4 Be6 14. Qd2 a6
15. Nd5 Bxd5 16. exd5 Nd7 17. Rc4 Qb8 18. Rf1 Ne5 19. Rc3 Rc8 20. Bd4 Rxc3 21.
Qxc3 Bf6 22. Rxf6 gxf6 23. Qg3+ Kf8 24. Qh4 Ke7 25. c4 Qc7 26. Qxh7 b5 27. g4
Qc8 28. g5 Qg8 29. Qxg8 Rxg8 30. cxb5 axb5 31. Bxb5 Nf3+ 0-1

[Event "Plzen, FSB A"]
[Site "?"]
[Date "2001.??.??"]
[Round "3.21"]
[White "Scheidt, K."]
[Black "Lechtynsky, J."]
[Result "0-1"]
[WhiteElo "2123"]
[BlackElo "2422"]
[PlyCount "106"]
[EventDate "2000.??.??"]
[Source "ChessBase"]
[SourceDate "1996.11.15"]

1. e4 d6 2. d4 Nf6 3. Nc3 g6 4. f4 Bg7 5. Nf3 O-O 6. Bd3 Nc6 7. e5 Ne8 8. Be3
dxe5 9. fxe5 Bg4 10. Be2 f6 11. e6 f5 12. d5 Bxf3 13. Bxf3 Ne5 14. Be2 f4 15.
Bf2 Nd6 16. O-O Nec4 17. Rb1 Nxb2 18. Rxb2 Bxc3 19. Rb3 Bg7 20. Bd4 Bxd4+ 21.
Qxd4 Nf5 22. Qe4 Qd6 23. Rxf4 Qc5+ 24. Kh1 Nd6 25. Rxf8+ Rxf8 26. Qd3 Qa5 27.
h3 Rf2 28. Kh2 Qe1 29. c4 Rxe2 30. c5 Ne4 31. Qf3 Rf2 32. Re3 Rxf3 33. Rxe1 Rc3
34. Rxe4 Rxc5 35. Rd4 b5 36. Kg3 a5 37. Kf3 Kf8 38. Rf4+ Ke8 39. Rf7 Rxd5 40.
Rxh7 Rf5+ 41. Ke4 b4 42. Rg7 Kf8 43. Rxg6 Rf2 44. Kd4 Rxa2 45. Kc4 Rc2+ 46. Kb5
b3 47. Rg3 b2 48. Rb3 c5 49. Kxa5 c4 50. Rb8+ Kg7 51. Ka4 Rxg2 52. Ka3 c3 53.
Ka2 Rg1 0-1

[Event "Plzen, FSB A"]
[Site "?"]
[Date "2001.??.??"]
[Round "3.22"]
[White "Cioara, A."]
[Black "Pospisil, E."]
[Result "1-0"]
[WhiteElo "2403"]
[BlackElo "2116"]
[PlyCount "165"]
[EventDate "2000.??.??"]
[Source "ChessBase"]
[SourceDate "1996.11.15"]

1. e4 e6 2. d4 d5 3. Nd2 Nf6 4. e5 Nfd7 5. f4 c5 6. c3 Nc6 7. Ndf3 cxd4 8. cxd4
Qb6 9. g3 f6 10. Bh3 Bb4+ 11. Kf1 fxe5 12. fxe5 Nf8 13. Kg2 Bd7 14. Ne2 h6 15.
Bg4 O-O-O 16. h4 Be7 17. a3 Na5 18. Rb1 Qb3 19. Qxb3 Nxb3 20. Be3 h5 21. Bh3
Ng6 22. Bg5 Rhf8 23. Bxe7 Nxe7 24. Ng5 Nf5 25. Bxf5 Rxf5 26. Rbf1 Rxf1 27. Rxf1
Bb5 28. Rf3 Bxe2 29. Rxb3 Bg4 30. Nf7 Rd7 31. Nd6+ Kb8 32. Rc3 a6 33. Rc8+ Ka7
34. Kf2 Kb6 35. b4 a5 36. Ke3 axb4 37. axb4 g6 38. Kf4 Bf5 39. Kg5 Bg4 40. Kxg6
Re7 41. Rc5 Rc7 42. Rxc7 Kxc7 43. Kf6 Kc6 44. Ke7 Bh3 45. Kf6 Bg4 46. Kg5 Kb6
47. Kf4 Kc6 48. Ke3 Kb6 49. Kd2 Kc6 50. Kc3 Kb6 51. Kb3 Bd1+ 52. Kc3 Bg4 53. b5
Kc7 54. Kb4 Kb6 55. Ne8 Be2 56. Nf6 Kc7 57. Kc5 b6+ 58. Kb4 Kd8 59. Kc3 Ke7 60.
Kd2 Bf3 61. Ke3 Bd1 62. Kf4 Be2 63. Kg5 Bxb5 64. Nxh5 Be2 65. Nf6 b5 66. Kf4 b4
67. Ke3 b3 68. Kd2 Kf7 69. Kc3 Bd1 70. Nd7 Kg6 71. Nc5 Kf5 72. Nxb3 Kg4 73. Nc5
Kxg3 74. Nxe6 Kxh4 75. Nf4 Kg5 76. Nxd5 Bf3 77. Kc4 Kf5 78. Nc7 Bd1 79. Kd5
Bb3+ 80. Kd6 Ke4 81. d5 Kf5 82. e6 Kf6 83. e7 1-0

[Event "Plzen, FSB A"]
[Site "?"]
[Date "2001.??.??"]
[Round "3.23"]
[White "Michalek, J."]
[Black "Marsalek, L."]
[Result "1-0"]
[WhiteElo "2365"]
[BlackElo "2109"]
[PlyCount "79"]
[EventDate "2000.??.??"]
[Source "ChessBase"]
[SourceDate "1996.11.15"]

1. e4 c5 2. Nf3 d6 3. d4 cxd4 4. Nxd4 Nf6 5. Nc3 Bd7 6. Bc4 e6 7. Bb3 Nc6 8.
Be3 Be7 9. f4 Nxd4 10. Bxd4 Bc6 11. Qe2 O-O 12. O-O-O Qa5 13. Kb1 b5 14. e5
dxe5 15. fxe5 Nd7 16. Ne4 Bxe4 17. Qxe4 Nc5 18. Bxc5 Bxc5 19. Rd3 Qb4 20. Qe2
a6 21. c3 Qh4 22. Bc2 g6 23. g3 Qe7 24. h4 Rad8 25. Rf3 Rd5 26. Bb3 Rdd8 27.
Rhf1 Qd7 28. h5 Kg7 29. Qe4 a5 30. Rh1 b4 31. Qf4 Qe7 32. Bc2 g5 33. h6+ Kg8
34. Qe4 f5 35. exf6 Qf7 36. cxb4 Bxb4 37. a3 Bc5 38. Rh5 Rd4 39. Rxg5+ Kh8 40.
Qc6 1-0

[Event "Plzen, FSB A"]
[Site "?"]
[Date "2001.??.??"]
[Round "3.24"]
[White "Johnsson, T."]
[Black "Chudinovskich, A."]
[Result "0-1"]
[WhiteElo "2105"]
[BlackElo "2362"]
[PlyCount "81"]
[EventDate "2000.??.??"]
[Source "ChessBase"]
[SourceDate "1996.11.15"]

1. e4 c5 2. Nf3 g6 3. c4 Bg7 4. d4 d6 5. Nc3 Nf6 6. Be2 O-O 7. O-O cxd4 8. Nxd4
Nc6 9. Nc2 Nd7 10. Nd5 Nc5 11. f3 a5 12. Rb1 e6 13. Nc3 f5 14. Nb5 Qb6 15. Be3
Rd8 16. exf5 gxf5 17. Qc1 e5 18. Rd1 Bf8 19. Kh1 f4 20. Bf2 Bf5 21. Qd2 Rd7 22.
Nc3 Qd8 23. Nd5 Rg7 24. Bxc5 dxc5 25. Bd3 Be6 26. Be4 Nd4 27. Rg1 Nf5 28. Bxf5
Bxf5 29. Rbe1 Ra6 30. Rxe5 Qh4 31. g4 fxg3 32. Rxf5 Rh6 33. Nf6+ Kh8 34. Nh5
Bd6 35. Nxg3 Rxg3 36. Rxg3 Bxg3 37. Ne3 Bxh2 38. Rf8+ Kg7 39. Nf5+ Kxf8 40.
Nxh4 Rxh4 41. Qd6+ 0-1

[Event "Plzen, FSB A"]
[Site "?"]
[Date "2001.??.??"]
[Round "3.25"]
[White "Chalupecky, V."]
[Black "Rodkin, R."]
[Result "1/2-1/2"]
[WhiteElo "2103"]
[BlackElo "2314"]
[PlyCount "186"]
[EventDate "2000.??.??"]
[Source "ChessBase"]
[SourceDate "1996.11.15"]

1. e4 e5 2. Nf3 Nc6 3. d4 exd4 4. Nxd4 Bc5 5. Be3 Qf6 6. c3 Nge7 7. f4 Nxd4 8.
cxd4 Bb4+ 9. Nc3 Qc6 10. Qc2 d5 11. Bd3 g6 12. O-O Bxc3 13. bxc3 dxe4 14. Bxe4
Qd6 15. f5 gxf5 16. Bf4 Qg6 17. Bf3 c6 18. Rfe1 Be6 19. c4 O-O 20. Bd6 Qf6 21.
d5 cxd5 22. Bxe7 Qxe7 23. cxd5 Rac8 24. Qf2 b6 25. Qg3+ Kh8 26. Qe5+ Kg8 27.
dxe6 fxe6 28. Qxe6+ Qxe6 29. Rxe6 Rc7 30. Rae1 Rfc8 31. Re8+ Rxe8 32. Rxe8+ Kg7
33. Kf2 b5 34. Re5 Kf6 35. Re2 a5 36. Bd5 Rc5 37. Re6+ Kg5 38. Bf3 h5 39. g3 h4
40. Kg2 b4 41. Re2 a4 42. Rb2 Rc4 43. Bd1 a3 44. Rd2 hxg3 45. Kxg3 Rc3+ 46. Kf2
Rc6 47. Rd4 Rb6 48. Kf3 Rb8 49. h4+ Kf6 50. Kf4 Rh8 51. h5 b3 52. Bxb3 Rxh5 53.
Rd6+ Ke7 54. Ra6 Kd7 55. Rxa3 Kc6 56. Ra5 Rh4+ 57. Kg5 Rh2 58. Rxf5 Re2 59. Kf6
Kb6 60. Re5 Rh2 61. Ke6 Rh8 62. Kd5 Rd8+ 63. Kc4 Rc8+ 64. Kb4 Rh8 65. Re6+ Ka7
66. Bc4 Rb8+ 67. Ka5 Rh8 68. Re7+ Kb8 69. a4 Rh6 70. Kb5 Rg6 71. a5 Rd6 72. a6
Rd8 73. a7+ Ka8 74. Be6 Rd3 75. Re8+ Kxa7 76. Re7+ Kb8 77. Kc6 Rd1 78. Rb7+ Ka8
79. Rb4 Ka7 80. Bd5 Rc1+ 81. Kd6 Ka6 82. Bc6 Ka5 83. Rb5+ Ka6 84. Kc7 Rc4 85.
Rb8 Ka5 86. Kd6 Rb4 87. Ra8+ Kb6 88. Kd5 Rh4 89. Rb8+ Kc7 90. Rb7+ Kc8 91. Kc5
Rh5+ 92. Kb6 Re5 93. Rc7+ Kd8 1/2-1/2

[Event "Plzen, FSB A"]
[Site "?"]
[Date "2001.??.??"]
[Round "3.26"]
[White "Skacel, J."]
[Black "Jedlicka, A."]
[Result "1/2-1/2"]
[WhiteElo "2095"]
[BlackElo "2253"]
[PlyCount "148"]
[EventDate "2000.??.??"]
[Source "ChessBase"]
[SourceDate "1996.11.15"]

1. d4 Nf6 2. c4 g6 3. Nc3 Bg7 4. e4 d6 5. g3 O-O 6. Bg2 Nbd7 7. Nge2 e5 8. d5
Kh8 9. O-O Ng8 10. Be3 f5 11. f4 Ndf6 12. h3 Nxe4 13. Nxe4 fxe4 14. Nc3 exf4
15. Bxf4 Nf6 16. Qd2 a6 17. Bg5 b5 18. Rf2 b4 19. Ne2 Qe8 20. Nd4 Ng8 21. Re1
Rxf2 22. Qxf2 Qe5 23. Be3 Bd7 24. Kh2 Rf8 25. Qd2 Nf6 26. Ne2 Nh5 27. Bd4 e3
28. Qxb4 Qe7 29. Qc3 Re8 30. Bxg7+ Nxg7 31. Nf4 Qe5 32. Qxe5 Rxe5 33. g4 g5 34.
Nd3 Re7 35. Bf3 Be8 36. Nb4 a5 37. Nc2 Bg6 38. Rxe3 Rf7 39. Na3 Rf4 40. b3 Rd4
41. Re2 Ne8 42. Kg2 Kg7 43. Nb5 Rf4 44. a4 Kf8 45. Na7 Nf6 46. Nc6 Nd7 47. Re3
Bc2 48. Nxa5 Ne5 49. Kg3 Ke8 50. Nc6 Rxf3+ 51. Rxf3 Nxf3 52. Kxf3 Bxb3 53. a5
Bxc4 54. Ke4 Bf1 55. Kf5 Kd7 56. Kxg5 Bxh3 57. Nb4 Bg2 58. Kh6 Be4 59. g5 Kc8
60. Kg7 Kb7 61. Kf6 Bg6 62. Ke7 Bf5 63. Kd8 Be4 64. a6+ Kb8 65. a7+ Kxa7 66.
Kxc7 Bg2 67. Kxd6 Kb6 68. Nc2 Kb5 69. Ne3 Bh3 70. Ke7 Kc5 71. d6 Kd4 72. Ng2
Ke5 73. Nh4 Bc8 74. Ng2 Kf5 1/2-1/2

[Event "Plzen, FSB A"]
[Site "?"]
[Date "2001.??.??"]
[Round "3.27"]
[White "Hercik, J."]
[Black "Bartos, J."]
[Result "1/2-1/2"]
[WhiteElo "2065"]
[BlackElo "2229"]
[PlyCount "28"]
[EventDate "2000.??.??"]
[Source "ChessBase"]
[SourceDate "1996.11.15"]

1. e4 e5 2. Nf3 Nf6 3. Nc3 Nc6 4. Bb5 Nd4 5. Ba4 Bc5 6. d3 O-O 7. Nxe5 c6 8.
Nf3 d5 9. Bg5 Nxf3+ 10. Qxf3 d4 11. Bxf6 gxf6 12. Ne2 Qa5+ 13. Kd1 Qxa4 14.
Qxf6 Qb4 1/2-1/2

[Event "Plzen, FSB A"]
[Site "?"]
[Date "2001.??.??"]
[Round "3.28"]
[White "Vladyka, V."]
[Black "Juptner, J."]
[Result "0-1"]
[WhiteElo "2057"]
[BlackElo "2229"]
[PlyCount "86"]
[EventDate "2000.??.??"]
[Source "ChessBase"]
[SourceDate "1996.11.15"]

1. e4 c5 2. Nf3 d6 3. d4 cxd4 4. Nxd4 Nf6 5. Nc3 a6 6. Bg5 e6 7. f4 Be7 8. Qf3
Qc7 9. O-O-O Nbd7 10. Bd3 O-O 11. g4 b5 12. Rhe1 Bb7 13. Kb1 Nc5 14. Qg3 b4 15.
e5 dxe5 16. fxe5 Nfe4 17. Nxe4 Nxe4 18. Bxe4 Bxg5 19. Bxb7 Qxb7 20. Qf3 Qc7 21.
Qc6 Rfc8 22. Qxc7 Rxc7 23. Nf3 Be7 24. Re2 g5 25. Rd3 Rc4 26. h3 Rac8 27. b3
Rf4 28. Nd2 Rc3 29. Ree3 Rxd3 30. cxd3 Bc5 31. Rf3 Rd4 32. Kc2 Rd5 33. Nc4 Bd4
34. Nd6 Bxe5 35. Ne4 h6 36. Nf6+ Bxf6 37. Rxf6 Rc5+ 38. Kd2 Ra5 39. Rxh6 Rxa2+
40. Ke3 Ra3 41. Kd4 Rxb3 42. Ke5 Rxd3 43. Rh5 Rd5+ 0-1

[Event "Plzen, FSB A"]
[Site "?"]
[Date "2001.??.??"]
[Round "3.29"]
[White "Kozak, M."]
[Black "Pokrupa, M."]
[Result "1/2-1/2"]
[WhiteElo "2226"]
[BlackElo "2075"]
[PlyCount "39"]
[EventDate "2000.??.??"]
[Source "ChessBase"]
[SourceDate "1996.11.15"]

1. Nf3 c5 2. g3 Nc6 3. Bg2 g6 4. O-O Bg7 5. d3 e5 6. c4 Nge7 7. Nc3 O-O 8. a3
d6 9. Rb1 a5 10. Ne1 Be6 11. Nd5 Rb8 12. Bd2 b5 13. Nxe7+ Nxe7 14. cxb5 Rxb5
15. b4 axb4 16. axb4 cxb4 17. Rxb4 Rxb4 18. Bxb4 Qb6 19. Qd2 Rc8 20. Nf3
1/2-1/2

[Event "Plzen, FSB A"]
[Site "?"]
[Date "2001.??.??"]
[Round "3.30"]
[White "Cvikl, M."]
[Black "Havranek, M."]
[Result "1-0"]
[WhiteElo "2038"]
[BlackElo "2210"]
[PlyCount "89"]
[EventDate "2000.??.??"]
[Source "ChessBase"]
[SourceDate "1996.11.15"]

1. d4 Nf6 2. Nf3 b6 3. Bf4 Bb7 4. e3 d6 5. Nbd2 Nh5 6. Bg5 h6 7. Bh4 g5 8. Bg3
Nxg3 9. hxg3 Bg7 10. Bc4 e6 11. Qe2 Nd7 12. c3 c5 13. Rd1 Qe7 14. Nf1 a6 15.
Bb3 b5 16. N1d2 h5 17. Kf1 Rc8 18. Bc2 Nb6 19. Be4 d5 20. Bb1 g4 21. Nh4 Na4
22. Nb3 c4 23. Nc1 b4 24. Qc2 Bc6 25. Re1 bxc3 26. b3 Nb6 27. Qxc3 cxb3 28.
Qxb3 Nc4 29. Kg1 Qc7 30. Nd3 Rb8 31. Qc3 Bf8 32. e4 Qa5 33. Qxa5 Nxa5 34. exd5
Bxd5 35. Nf4 Bb4 36. Rd1 Bc4 37. Kh2 Bd6 38. Rhe1 O-O 39. Nxh5 f5 40. d5 Bb4
41. Rxe6 Rbd8 42. Bxf5 Bxd5 43. Rg6+ Kh8 44. Rh6+ Kg8 45. Rxd5 1-0

[Event "Plzen, FSB A"]
[Site "?"]
[Date "2001.??.??"]
[Round "4.1"]
[White "Lys, J."]
[Black "Tolstich, N."]
[Result "0-1"]
[WhiteElo "2353"]
[BlackElo "2436"]
[PlyCount "148"]
[EventDate "2000.??.??"]
[Source "ChessBase"]
[SourceDate "1996.11.15"]

1. d4 Nf6 2. Nf3 e6 3. g3 c5 4. c3 b6 5. Bg2 Bb7 6. O-O Be7 7. Nbd2 O-O 8. Qc2
d5 9. Ne5 Nc6 10. Nxc6 Bxc6 11. Nf3 Rc8 12. e3 Bb7 13. Ne5 b5 14. a3 Qb6 15.
Qb1 Rfd8 16. Nd3 c4 17. Ne5 a5 18. Bd2 Ne4 19. Be1 f6 20. Nf3 Bc6 21. Nd2 Qb7
22. f3 Ng5 23. h4 Nf7 24. g4 b4 25. axb4 axb4 26. Bg3 Ra8 27. Rxa8 Rxa8 28. e4
Nd6 29. exd5 Bxd5 30. Ne4 Nb5 31. Be1 bxc3 32. bxc3 Ra3 33. Qc1 Qa7 34. Kh1 Ra2
35. Qe3 Na3 36. Nc5 Nc2 37. Qg1 Nxe1 38. Rxe1 e5 39. Ne4 exd4 40. Qxd4 Qxd4 41.
cxd4 Bb4 42. Rb1 c3 43. Rxb4 c2 44. Rb8+ Kf7 45. Rc8 Ra1+ 46. Kh2 c1=Q 47. Rxc1
Rxc1 48. Kg3 Rd1 49. Nc3 Rxd4 50. Nxd5 Rxd5 51. f4 Rd3+ 52. Kf2 h6 53. Be4 Ra3
54. h5 Ke6 55. Ke2 Kd6 56. Kf2 Kc5 57. Bf5 Kd4 58. Bg6 Re3 59. Bf5 Re7 60. Bg6
Kc3 61. Bf5 Kd2 62. Bc8 Re2+ 63. Kf3 Re8 64. Bd7 Re7 65. Bf5 Ke1 66. Bd3 Ra7
67. Bf5 Ra3+ 68. Ke4 Kf2 69. Bd7 Ra5 70. Bc8 Kg3 71. Bd7 Ra1 72. Bc8 Ra4+ 73.
Kf5 Rxf4+ 74. Kg6 Rxg4+ 0-1

[Event "Plzen, FSB A"]
[Site "?"]
[Date "2001.??.??"]
[Round "4.2"]
[White "Trickov, V."]
[Black "Vesselovsky, S."]
[Result "1/2-1/2"]
[WhiteElo "2313"]
[BlackElo "2405"]
[PlyCount "48"]
[EventDate "2000.??.??"]
[Source "ChessBase"]
[SourceDate "1996.11.15"]

1. d4 Nf6 2. Nf3 e6 3. g3 c5 4. Bg2 cxd4 5. O-O Qc7 6. Nxd4 a6 7. e4 Be7 8. a4
O-O 9. Nc3 d6 10. h3 Nc6 11. Nde2 Rb8 12. g4 b5 13. g5 Nd7 14. axb5 axb5 15.
Ng3 b4 16. Nce2 b3 17. cxb3 Nc5 18. Ra3 Nb4 19. Be3 d5 20. Qb1 Ba6 21. exd5 Bd3
22. Qd1 Nxd5 23. Bxd5 exd5 24. b4 Bxe2 1/2-1/2

[Event "Plzen, FSB A"]
[Site "?"]
[Date "2001.??.??"]
[Round "4.3"]
[White "Simacek, P."]
[Black "Bujnoch, R."]
[Result "1-0"]
[WhiteElo "2404"]
[BlackElo "2120"]
[PlyCount "67"]
[EventDate "2000.??.??"]
[Source "ChessBase"]
[SourceDate "1996.11.15"]

1. e4 c5 2. Nf3 Nc6 3. Nc3 g6 4. d4 cxd4 5. Nxd4 Bg7 6. Be3 Nf6 7. Nxc6 bxc6 8.
e5 Ng8 9. Bd4 Nh6 10. e6 Bxd4 11. Qxd4 O-O 12. exd7 Qxd7 13. Qxd7 Bxd7 14.
O-O-O Be6 15. Ba6 Ng4 16. Rd2 Rab8 17. Re1 Rfe8 18. Na4 Rb4 19. Nc5 Bd5 20. f3
Nxh2 21. c4 Bxf3 22. a3 Rbb8 23. Rh1 Bxg2 24. Rxg2 Nf3 25. Nd7 Rb3 26. Rg3 Nd4
27. Rxb3 Nxb3+ 28. Kb1 Nd2+ 29. Kc2 Nf3 30. Rf1 Nd4+ 31. Kc3 Ne6 32. b4 f6 33.
c5 Rd8 34. Bc4 1-0

[Event "Plzen, FSB A"]
[Site "?"]
[Date "2001.??.??"]
[Round "4.5"]
[White "Virostko, P."]
[Black "Cvek, R."]
[Result "0-1"]
[WhiteElo "2294"]
[BlackElo "2411"]
[PlyCount "54"]
[EventDate "2000.??.??"]
[Source "ChessBase"]
[SourceDate "1996.11.15"]

1. e4 c5 2. Nf3 Nc6 3. d4 cxd4 4. Nxd4 Nf6 5. Nc3 d6 6. Bc4 e6 7. Be3 a6 8. Qe2
Be7 9. O-O-O Qc7 10. Bb3 b5 11. Rhg1 Na5 12. f3 Nxb3+ 13. Nxb3 b4 14. Nb1 a5
15. Qf2 a4 16. Nd4 O-O 17. g4 Nd7 18. g5 Ba6 19. h4 Nc5 20. Kd2 Rac8 21. Rg4 b3
22. axb3 axb3 23. Nxb3 Nxe4+ 24. fxe4 Qxc2+ 25. Ke1 Qxb3 26. Nd2 Qxb2 27. Bd4
Qc2 0-1

[Event "Plzen, FSB A"]
[Site "?"]
[Date "2001.??.??"]
[Round "4.6"]
[White "Chytilek, R."]
[Black "Seleljo, D."]
[Result "1/2-1/2"]
[WhiteElo "2411"]
[BlackElo "2273"]
[PlyCount "169"]
[EventDate "2000.??.??"]
[Source "ChessBase"]
[SourceDate "1996.11.15"]

1. e4 e5 2. Nf3 d6 3. d4 Nf6 4. Nc3 Nbd7 5. Bc4 Be7 6. O-O O-O 7. Re1 c6 8. a4
b6 9. d5 Bb7 10. dxc6 Bxc6 11. Bg5 Rc8 12. Re2 Bb7 13. Bxf6 Rxc4 14. Bxe7 Qxe7
15. Nd2 Rb4 16. b3 Nf6 17. Nc4 Rd8 18. Rd2 Bxe4 19. Na2 Rxc4 20. bxc4 Bf5 21.
Nc3 Be6 22. Qe2 Rc8 23. Nd5 Bxd5 24. cxd5 Qc7 25. h3 Qc3 26. Ra2 g6 27. Qd3 Qb4
28. Rd1 Rc4 29. Qb3 Qc5 30. Qb5 Rxc2 31. Qxc5 Rxc5 32. a5 b5 33. Rad2 Ne4 34.
Rd3 Nc3 35. R1d2 b4 36. Rb2 Rc4 37. Kf1 Na4 38. Rb1 Nc5 39. Rd2 b3 40. Ke2 Ra4
41. Rdd1 Ra2+ 42. Kf3 Rxa5 43. Ra1 Rxa1 44. Rxa1 a6 45. Ke3 Kf8 46. Kd2 Ke7 47.
Kc3 f5 48. g3 Kf6 49. f4 b2 50. Kxb2 exf4 51. gxf4 Nd3+ 52. Kc3 Nxf4 53. Kd4
Ne2+ 54. Kd3 Ng3 55. Rxa6 Ne4 56. Ra7 h6 57. h4 g5 58. h5 g4 59. Ke3 Nc3 60.
Rh7 Nxd5+ 61. Kd4 Nf4 62. Rxh6+ Kg5 63. Rxd6 Nxh5 64. Ke3 Nf6 65. Rd8 f4+ 66.
Ke2 Ne4 67. Rf8 Nf6 68. Rf7 Kf5 69. Rf8 Ke5 70. Rf7 Ne4 71. Rf8 Nf6 72. Rf7 Kf5
73. Rf8 Kg5 74. Rf7 Nh5 75. Kf2 Kg6 76. Rf8 Kg5 77. Rf7 Kh4 78. Rh7 Kg5 79. Rf7
Ng3 80. Rg7+ Kf5 81. Rf7+ Ke5 82. Re7+ Kf6 83. Re8 Nf5 84. Rg8 Ne3 85. Re8
1/2-1/2

[Event "Plzen, FSB A"]
[Site "?"]
[Date "2001.??.??"]
[Round "4.7"]
[White "Gross, S."]
[Black "Novak, P."]
[Result "1-0"]
[WhiteElo "2391"]
[BlackElo "2237"]
[PlyCount "161"]
[EventDate "2000.??.??"]
[Source "ChessBase"]
[SourceDate "1996.11.15"]

1. Nf3 d5 2. c4 e6 3. d4 c5 4. cxd5 exd5 5. g3 Nf6 6. Bg2 Be7 7. O-O O-O 8. Nc3
Nc6 9. b3 Ne4 10. Bb2 Bf6 11. Na4 b5 12. Nxc5 Nxc5 13. Rc1 Nxd4 14. Nxd4 Ne4
15. Nc6 Qd7 16. Bxf6 Nxf6 17. Bxd5 Nxd5 18. Qxd5 Qb7 19. Rfd1 Be6 20. Qg5 Rfe8
21. Nd8 h6 22. Qh4 Qb6 23. Nxe6 Qxe6 24. Rc2 Qf5 25. Rcd2 Re4 26. Rd8+ Kh7 27.
R8d5 Qe6 28. Qh5 Rxe2 29. Qf5+ Qxf5 30. Rxf5 Kg6 31. Rxb5 Rxa2 32. Rd6+ Kh7 33.
Rb7 Rf8 34. h4 h5 35. Kg2 g6 36. b4 Kg7 37. b5 Rb2 38. Ra6 Re8 39. Raxa7 Rf8
40. Ra4 Kg8 41. Re4 Kg7 42. Rc4 Kg8 43. b6 Re8 44. Rcc7 Rf8 45. Rd7 Kg7 46. Re7
Kg8 47. Re4 Kg7 48. Rf4 Rb3 49. Kf1 Kg8 50. Ke2 Kg7 51. Kd2 Rb2+ 52. Kc3 Rb1
53. Rc4 Kf6 54. Kd4 Rb5 55. Rc6+ Kg7 56. Rd7 Rb2 57. Kc3 Rb1 58. Kc2 Rb5 59. b7
Rb8 60. Rcc7 Rf8 61. Kc3 Rb1 62. Re7 Kf6 63. Rcd7 Kg7 64. Kd3 Rb4 65. Ke3 Kf6
66. Rc7 Kg7 67. Kf3 Kf6 68. Red7 Kg7 69. Ke3 Kf6 70. Kd3 Kg7 71. Rd6 Rb8 72.
Rdd7 Rf8 73. Kc3 Rb1 74. Kd4 Rb5 75. Kc4 Rb2 76. Kd3 Rb4 77. Rd4 Rb3+ 78. Kc4
Rb2 79. Kc5 Rb8 80. Rb4 Rxf2 81. Kb6 1-0

[Event "Plzen, FSB A"]
[Site "?"]
[Date "2001.??.??"]
[Round "4.8"]
[White "Kacmarik, L."]
[Black "Dolezal, R."]
[Result "0-1"]
[WhiteElo "2226"]
[BlackElo "2390"]
[PlyCount "82"]
[EventDate "2000.??.??"]
[Source "ChessBase"]
[SourceDate "1996.11.15"]

1. e4 e5 2. Nf3 d6 3. d4 Nd7 4. Nc3 c6 5. a4 Ngf6 6. g3 b6 7. Bg2 Ba6 8. Bf1
Bxf1 9. Kxf1 Be7 10. Kg2 O-O 11. Re1 Re8 12. d5 c5 13. Nd2 a6 14. Nc4 g6 15.
Bh6 Qc7 16. Qe2 Bf8 17. Bd2 Nh5 18. Rf1 Bg7 19. Ne3 Ndf6 20. f3 Kh8 21. Ng4 Ng8
22. Nd1 Qd7 23. c4 f5 24. Ngf2 Ne7 25. Nh3 h6 26. g4 Nf6 27. Nhf2 Rf8 28. Ne3
f4 29. Nc2 g5 30. Ne1 Ng6 31. Rh1 Kg8 32. Kf1 Kf7 33. Ng2 h5 34. gxh5 Nxh5 35.
Ng4 Rh8 36. Kf2 Rh7 37. b3 Rah8 38. Rhg1 Nf6 39. Nxf6 Bxf6 40. Rh1 Rxh2 41.
Rxh2 Rxh2 0-1

[Event "Plzen, FSB A"]
[Site "?"]
[Date "2001.??.??"]
[Round "4.9"]
[White "Hrbolka jr., L."]
[Black "Krapivin, V."]
[Result "0-1"]
[WhiteElo "2197"]
[BlackElo "2339"]
[PlyCount "50"]
[EventDate "2000.??.??"]
[Source "ChessBase"]
[SourceDate "1996.11.15"]

1. e4 c5 2. Nf3 d6 3. d4 cxd4 4. Nxd4 Nf6 5. Nc3 a6 6. Be3 e6 7. Qd2 b5 8. f3
Bb7 9. O-O-O Nbd7 10. g4 h6 11. h4 b4 12. Na4 Qa5 13. b3 Nc5 14. a3 Nxa4 15.
axb4 Qc7 16. bxa4 d5 17. e5 Nd7 18. f4 Nb6 19. Rh3 Nxa4 20. f5 Nc3 21. fxe6
Bxb4 22. exf7+ Kxf7 23. Qf2+ Kg8 24. Bd3 Qa5 25. Qf5 Qa1+ 0-1

[Event "Plzen, FSB A"]
[Site "?"]
[Date "2001.??.??"]
[Round "4.10"]
[White "Eretova, J."]
[Black "Gross, D."]
[Result "0-1"]
[WhiteElo "2189"]
[BlackElo "2465"]
[PlyCount "80"]
[EventDate "2000.??.??"]
[Source "ChessBase"]
[SourceDate "1996.11.15"]

1. Nf3 Nf6 2. g3 g6 3. Bg2 Bg7 4. O-O O-O 5. d3 d5 6. Nbd2 Nc6 7. e4 dxe4 8.
dxe4 e5 9. c3 a5 10. a4 b6 11. Nc4 Ba6 12. Nfd2 Nd7 13. Rb1 Nc5 14. b3 Bh6 15.
f4 Qd3 16. Rf3 Qd7 17. Qf1 exf4 18. gxf4 Rad8 19. Rh3 Bg7 20. f5 Rfe8 21. f6
Bf8 22. Qf4 Bxc4 23. Nxc4 Rxe4 24. Qf1 Re6 25. Bh6 Bxh6 26. Rxh6 Ne4 27. Bh3
Nxc3 28. Bxe6 Qd4+ 29. Kh1 Qe4+ 30. Kg1 Ne2+ 31. Kf2 Ncd4 32. Bxf7+ Kxf7 33.
Rxh7+ Kxf6 34. Nd2 Qg4 35. Ke1+ Nf4 36. Ne4+ Ke5 37. Re7+ Nde6 38. Qb5+ Kxe4
39. Qc6+ Rd5 40. Qc2+ Nd3+ 0-1

[Event "Plzen, FSB A"]
[Site "?"]
[Date "2001.??.??"]
[Round "4.12"]
[White "Lechtynsky, J."]
[Black "Vales, V."]
[Result "1-0"]
[WhiteElo "2422"]
[BlackElo "2159"]
[PlyCount "85"]
[EventDate "2000.??.??"]
[Source "ChessBase"]
[SourceDate "1996.11.15"]

1. Nf3 d5 2. d4 c6 3. c4 Nf6 4. cxd5 cxd5 5. Nc3 Nc6 6. Bf4 e6 7. e3 Be7 8. h3
O-O 9. Bd3 Nh5 10. Bh2 f5 11. Ne5 Nf6 12. O-O Bd7 13. Rc1 Qa5 14. a3 Rfc8 15.
Nxd7 Nxd7 16. g4 g6 17. gxf5 gxf5 18. Kh1 Qd8 19. Rg1+ Kh8 20. Qh5 Qf8 21. Nb5
Nf6 22. Qf3 Ne8 23. Rg2 a6 24. Nc3 Nf6 25. Rcg1 Qf7 26. Qf4 Nh5 27. Qh6 Rg8 28.
Be2 Nf6 29. Qf4 Rxg2 30. Rxg2 Rc8 31. Bg3 Bf8 32. Bh4 Bg7 33. Rg1 Rg8 34. Bf3
Bf8 35. Rxg8+ Kxg8 36. Qg3+ Bg7 37. Bxf6 Qxf6 38. Qc7 Qe7 39. Qc8+ Bf8 40. Ne2
Nd8 41. Nf4 Qd6 42. Kg2 Kg7 43. Qxd8 1-0